000 00608nam a2200241Ia 4500
003 OSt
005 20221007072503.0
006 a|||||r|||| 00| 0
007 ta
008 221006b |||||||| |||| 00| 0 eng d
024 _a18,652
037 _cTextual
040 _aFLL
_cFLL
_beng
041 _2eng
_aeng
082 _aZ3,2674, N1
100 _aJames E.P. Skone
_9690767
245 0 _aCopyright
250 _a13th
260 _aLondon
_bSweet & Maxwell England
_c1991
300 _a1598p
_ccm.
942 _hZ3,2674, N1
_cTEXL
_2CC
999 _c1146225
_d1146225